000 00646nam a2200277Ia 4500
005 20260324120201.0
008 008 260324s9999 xx 000 0 eng d
020 _a9781315887241
037 _aEBOOK
040 _aCRL
040 _beng
040 _cCRL
041 _2eng
041 _aeng
084 _qCRL
100 _aMyong-Hun Chang
_91157565
245 2 _aA Computational Model of Industry Dynamics
260 _bTaylor and Francis
260 _c2015
365 _a
365 _b265
856 _uhttp://www.taylorfrancis.com/books/9781315887241
942 _cEBOOK
999 _c1748947
_d1748947